00742nam a22002537a 45000010008000000030004000080050017000120080041000290100017000700200017000870400013001040500025001170820025001421000032001672400018001992450062002172600040002793000028003195000048003475210021003955260019004165410006004355620047004413550914OSt20140310182658.0970517r19961974txua 000 0 eng  a 97152386  a0913592471  aDLCcDLC00aBV 210.2b.P882 1974 aM 248.482 bP87 19741 aPowell, John Joseph,d1925-10aHe touched me10aTouched by God :bmy pilgrimage of prayer /cPowell, John aAllen, Tex. :bThomas More,cc1996. a95 p. :bill. ;c18 cm. aOriginally published: He touched me. c1974. acollege students c1210L to 1700L j1 efor circulation : 1 copy in the collection